[Event "CAPA 5/01 email"]
[Site "Argentina"]
[Date "2001.??.??"]
[Round "?"]
[White "Pere, Marcelo"]
[Black "La Candia, Juan Miguel"]
[Result "0-1"]
[WhiteElo "2135"]
[BlackElo "2350"]
[PlyCount "104"]
[EventDate "2001.??.??"]
[EventType "tourn (corr)"]
[EventRounds "6"]
[EventCountry "ARG"]
[SourceTitle "Corr 2002"]
[Source "ChessBase"]
[SourceDate "2002.05.23"]
[SourceVersion "1"]
[SourceVersionDate "2002.05.23"]
[SourceQuality "1"]

1. Nf3 Nf6 2. d4 e6 3. c4 c5 4. d5 exd5 5. cxd5 d6 6. Nc3 g6 7. Nd2 Bg7 8. e4 0-0 9. Be2 Re8 10. 0-0 Na6 11. f3 Nc7 12. a4 b6 13. Nc4 Ba6 14. Bg5 h6 15. Be3 Bxc4 16. Bxc4 a6 17. Qd2 Kh7 18. Rab1 Nd7 19. b4 Rb8 20. Rfc1 Qe7 21. b5 a5 22. Nd1 f5 23. exf5 gxf5 24. Qc2 Qf6 25. Bf2 Ne5 26. Nb2 Nxc4 27. Qxc4 Qf7 28. Rd1 Kg8 29. Rd2 Bxb2 30. Rbxb2 f4 31. Rb3 Re5 32. Rbd3 Rbe8 33. g3 Rf5 34. Kh1 h5 35. h3 Qf6 36. Kg2 Re7 37. g4 hxg4 38. hxg4 Rfe5 39. Rd1 Rh7 40. Qc1 Qh6 41. Rh1 Qxh1+ 42. Qxh1 Rxh1 43. Kxh1 Rxd5 44. Rxd5 Nxd5 45. Be1 c4 46. Kg1 c3 47. Kf2 c2 48. Bd2 Nc3 49. Bc1 Na2 50. Bxf4 c1Q 51. Bxc1 Nxc1 52. Ke3 Nb3 0-1